000 00467nmm a2200169Ia 4500
008 251105s9999||||xx |||||||||||||||||und||
020 _a9788446024620
041 _aspa
100 _aOvidio
245 0 _aHeroides : cartas de heroínas
264 _a[Madrid, España] :
_bAkal,
_c2010
300 _a383 páginas
490 _aClásica
650 _aGreek- Latin literature and language
856 _uhttps://public.digitaliapublishing.com/a/27891
942 _cCF
999 _c82806
_d82806